| 000 | 00000nam 2200000za 4500 |
| 001 | 9.859727 |
| 003 | CaOODSP |
| 005 | 20240703102706 |
| 007 | cr ||||||||||| |
| 008 | 180627s2018 onc #o f000 0 eng d |
| 040 | |aCaOODSP|beng |
| 043 | |an-cn--- |
| 086 | 1 |aA104-143/6-2018E-PDF |
| 245 | 00|aFact sheet - traceability |h[electronic resource] : |bSafe Food for Canadians Regulations. |
| 246 | 10|aTraceability |
| 246 | 10|aSafe Food for Canadians Regulations |
| 260 | |a[Ottawa] : |bCanadian Food Inspection Agency, |c[2018] |
| 300 | |a[2] p. |
| 500 | |aTitle from caption. |
| 500 | |aIssued also in HTML format. |
| 500 | |aIssued also in French under title: Fiche d'information - traçabilité : Règlement sur la salubrité des aliments au Canada. |
| 500 | |3Issued also in Arabic, Simplified Chinese, Traditional Chinese, German, Hindi, Portuguese, Punjabi, Spanish, Thai, and Turkish. |
| 520 | |a"Traceability is the ability to track the movement of a food or a food commodity, one step back and one step forward. Under the Safe Food for Canadians Regulations (SFCR), new traceability requirements will apply to most food businesses that: import food; export food; distribute or send food products across provincial or territorial borders; manufacture, process, treat, preserve, grade, store, package or label food to be exported or sent across provincial or territorial borders; grow and harvest fresh fruits or vegetables to be exported or sent across provincial or territorial borders; slaughter food animals from which meat products are derived, where the meat product is exported or sent across provincial or territorial borders; store and handle edible meat products in their imported condition for inspection by the Canadian Food Inspection Agency (CFIA); sell food to consumers at retail, which would need to be traced one step back but not forward to the consumer"--p. [1]. |
| 692 | 07|2gccst|aFood safety |
| 692 | 07|2gccst|aRegulations |
| 692 | 07|2gccst|aFood processing |
| 710 | 2 |aCanadian Food Inspection Agency. |
| 775 | 08|tFiche d'information - traçabilité |w(CaOODSP)9.859729 |
| 775 | 08|t[Fact sheet - traceability] |w(CaOODSP)9.859731 |
| 775 | 08|t[Fact sheet - traceability] |w(CaOODSP)9.859734 |
| 775 | 08|t[Fact sheet - traceability] |w(CaOODSP)9.859738 |
| 775 | 08|t[Fact sheet - traceability] |w(CaOODSP)9.859741 |
| 775 | 08|t[Fact sheet - traceability] |w(CaOODSP)9.859743 |
| 775 | 08|t[Fact sheet - traceability] |w(CaOODSP)9.859749 |
| 775 | 08|t[Fact sheet - traceability] |w(CaOODSP)9.859752 |
| 775 | 08|t[Fact sheet - traceability] |w(CaOODSP)9.859756 |
| 775 | 08|t[Fact sheet - traceability] |w(CaOODSP)9.859758 |
| 775 | 08|t[Fact sheet - traceability] |w(CaOODSP)9.859761 |
| 856 | 40|qPDF|s108 KB|uhttps://publications.gc.ca/collections/collection_2018/acia-cfia/A104-143-6-2018-eng.pdf |
| 856 | 4 |qHTML|sN/A|uhttp://www.inspection.gc.ca/food/sfcr/toolkit-for-businesses/traceability/eng/1427310329573/1427310330167 |